00498nam a2200169 a 4500008004100000020001500041050001900056100002300075245004100098260005200139300002100191350000900212500003000221650001900251650002400270700003400294120416s1975 ||||||||||||||||| || u a0138221065 aTK 7871.85 Dri aCoughlin, Robert F10aSolid State devices and applications aEnglewood Cliffs, N.J.:bFT Prentice-Hallc1975 axiv, 475p. : ill a0.00 aBibliography: p. 462-464. aSEMICONDUCTORS aTRANSISTOR CIRCUITS aDriscoll, Frederick F., 1943-